All Generation 1 Pokemon Moves - Statistics

General Stats
  • This quiz has been taken 347 times
  • The average score is 81 of 165
Answer Stats
Type Move % Correct
electric thunder
94%
flying fly
88%
normal tackle
87%
ice ice beam
86%
water surf
86%
psychic psychic
85%
electric thunderbolt
84%
fire flamethrower
83%
dark bite
81%
fire ember
77%
water bubble
76%
water water gun
76%
normal cut
75%
ground dig
75%
grass vine whip
75%
ground earthquake
74%
normal growl
73%
electric thunder shock
73%
fire fire punch
72%
rock rock throw
72%
electric thunder wave
72%
water bubble beam
71%
ice ice punch
71%
normal scratch
71%
flying peck
70%
grass razor leaf
70%
electric thunder punch
70%
dragon dragon rage
69%
fire fire blast
68%
grass sleep powder
68%
ice blizzard
67%
psychic confusion
67%
poison poison powder
67%
flying wing attack
67%
water hydro pump
65%
poison poison sting
65%
normal strength
64%
normal tail whip
64%
psychic psybeam
63%
normal harden
62%
grass stun spore
62%
normal flash
61%
normal hyper beam
61%
normal slash
61%
grass solar beam
61%
fighting karate chop
60%
ghost lick
60%
poison toxic
60%
flying gust
59%
normal leer
59%
ground sand attack
59%
bug string shot
59%
grass mega drain
58%
normal mega punch
58%
poison sludge
58%
fire fire spin
56%
psychic hypnosis
56%
rock rock slide
56%
grass absorb
55%
ghost confuse ray
54%
normal mega kick
54%
psychic rest
54%
normal body slam
53%
flying drill peck
53%
grass leech seed
53%
normal sing
53%
water waterfall
53%
normal wrap
52%
normal quick attack
51%
fighting low kick
50%
normal pound
50%
psychic psywave
50%
ice aurora beam
49%
normal bide
49%
ground fissure
49%
normal horn attack
49%
grass spore
49%
fighting double kick
48%
normal horn drill
48%
bug leech life
48%
ghost night shade
48%
normal slam
48%
bug twineedle
48%
normal bind
47%
psychic dream eater
46%
normal explosion
45%
normal self-destruct
45%
normal splash
45%
poison acid
44%
normal double team
44%
fighting jump kick
44%
fighting seismic toss
44%
fighting submission
44%
normal swords dance
44%
water withdraw
44%
flying sky attack
42%
psychic agility
41%
psychic barrier
41%
normal headbutt
41%
psychic teleport
41%
fighting high jump kick
40%
normal recover
40%
normal soft-boiled
40%
normal take down
40%
normal double slap
39%
normal fury swipes
39%
psychic light screen
39%
normal metronome
39%
poison poison gas
39%
normal roar
39%
normal supersonic
39%
normal transform
39%
normal tri attack
39%
normal double-edge
38%
bug pin missile
38%
normal stomp
38%
normal whirlwind
38%
psychic amnesia
37%
normal defense curl
37%
normal egg bomb
37%
normal fury attack
37%
psychic reflect
37%
normal constrict
36%
normal growth
36%
ice haze
36%
psychic kinesis
35%
normal rage
35%
normal screech
35%
normal pay day
34%
poison smog
34%
normal swift
34%
normal guillotine
33%
ice mist
33%
ground bone club
32%
water clamp
31%
water crabhammer
31%
fighting rolling kick
31%
normal barrage
30%
ground bonemerang
30%
normal glare
30%
flying mirror move
30%
normal comet punch
29%
normal conversion
29%
fighting counter
29%
normal minimize
29%
grass petal dance
29%
normal thrash
28%
poison acid armor
27%
normal hyper fang
27%
normal skull bash
27%
normal mimic
26%
normal super fang
26%
normal smokescreen
24%
normal sonic boom
24%
normal focus energy
23%
normal lovely kiss
23%
normal razor wind
23%
psychic meditate
22%
normal substitute
22%
normal sharpen
21%
normal dizzy punch
20%
normal disable
19%
normal spike cannon
18%
normal struggle
18%
normal vise grip
11%
No matching quizzes found
Score Distribution
Percent of People with Each Score
Percentile by Number Answered
Your Score History
You have not taken this quiz